000 00720nam a2200205Ia 4500
001 15169
003 GE_BSU
008 181216s||||||||xx |||||||||||||| ||und||
040 _cGE_BSU
080 _a94(47+57)"1941-1945"(479.22)
100 _aშამათავა, პეტრე.
245 _aკაპიტანი ბუხაიძე
245 _cრედ: რ.ორჯონიკიძე; მხატვ:გ.ფორჩხიძე
260 _aთბილისი.
260 _bნაკადული
260 _c1960
300 _a38გვ;ილ;20სმ.
653 _aდიდი სამამულო ომის ქართველი გმირები;
942 _cBK
999 _c48284
_d48284